000 00519nam a22001817a 4500
008 150605b xxu||||| |||| 00| 0 eng d
041 0 _aeng
080 _a646.4
245 0 0 _aThe trailblazers,
260 _aNew York :
_bTime-Life Books,
_c[1973]
300 _a236 f. ;
_bme il. ;
_c28 cm.
490 _aThe Old West
505 _aIndex: f. 238-240
650 0 _athe trailblazers
650 0 _aShtegshënuesi
700 1 _aGilbert, Bil.
942 _2udc
_cBK
999 _c999
_d999